Leasing
Charakteristika leasingu. Leasingové spoločnosti. Formy leasingu. Operatívny a finančný leasing - najrozšírenejší druh leasingu v SR. Postupnosť leasingovej operácie (dopyt, ponuka, objednávka, uzavretie leasingovej zmluvy, prevzatie leasingového predmetu, ukončenie leasingovej zmluvy). Výhody a nev...
Uložené v:
| Hlavný autor: | |
|---|---|
| Médium: | Kapitola |
| Jazyk: | Slovak |
| Predmet: | |
| Tagy: |
Žiadne tagy, Buďte prvý, kto otaguje tento záznam!
|
MARC
| LEADER | 00000naa a2200000 4500 | ||
|---|---|---|---|
| 001 | r023853 | ||
| 005 | 20221205090447.0 | ||
| 041 | 0 | |a slo | |
| 044 | |a SK | ||
| 245 | 1 | 0 | |a Leasing |c Viera Cibáková |
| 520 | |a Charakteristika leasingu. Leasingové spoločnosti. Formy leasingu. Operatívny a finančný leasing - najrozšírenejší druh leasingu v SR. Postupnosť leasingovej operácie (dopyt, ponuka, objednávka, uzavretie leasingovej zmluvy, prevzatie leasingového predmetu, ukončenie leasingovej zmluvy). Výhody a nevýhody leasingu. | ||
| 610 | 2 | 0 | |a lízing |
| 610 | 2 | 0 | |a lízing finančný |
| 610 | 2 | 0 | |a lízing operatívny |
| 610 | 2 | 0 | |a spoločnosti lízingové |
| 610 | 2 | 0 | |a Slovensko |
| 100 | 1 | |a Cibáková, Viera | |